Chartered quantity surveyors mission to the United States, October/November, 1971: report by the mission (Record no. 87899)

MARC details
000 -LEADER
fixed length control field 00732cam a2200253 4500
001 - CONTROL NUMBER
control field D15193
008 - FIXED-LENGTH DATA ELEMENTS--GENERAL INFORMATION
fixed length control field 090401t1971 xxu||||| |||| 00| 0 eng d
035 ## - SYSTEM CONTROL NUMBER
System control number (Sirsi) u20938
041 ## - LANGUAGE CODE
Language code of text/sound track or separate title eng
050 ## - LIBRARY OF CONGRESS CALL NUMBER
Classification number 692.50973
090 ## - LOCALLY ASSIGNED LC-TYPE CALL NUMBER (OCLC); LOCAL CALL NUMBER (RLIN)
Classification number (OCLC) (R) ; Classification number, CALL (RLIN) (NR) RICS 1971/55ABD
110 ## - MAIN ENTRY--CORPORATE NAME
Corporate name or jurisdiction name as entry element Royal Institution of Chartered Surveyors
9 (RLIN) 4900
245 ## - TITLE STATEMENT
Title Chartered quantity surveyors mission to the United States, October/November, 1971: report by the mission
260 ## - PUBLICATION, DISTRIBUTION, ETC.
Name of publisher, distributor, etc. RICS
Date of publication, distribution, etc. 1971
300 ## - PHYSICAL DESCRIPTION
Extent 45p
350 ## - PRICE (NR) (BK AM CF MU VM SE) [OBSOLETE]
Price 0
520 ## - SUMMARY, ETC.
Summary, etc. Filed in Archives box 1971/55A
650 ## - SUBJECT ADDED ENTRY--TOPICAL TERM
Topical term or geographic name entry element QUANTITY SURVEYORS
650 ## - SUBJECT ADDED ENTRY--TOPICAL TERM
Topical term or geographic name entry element UNITED STATES
690 ## - LOCAL SUBJECT ADDED ENTRY--TOPICAL TERM (OCLC, RLIN)
Topical term or geographic name as entry element Quantity surveying
9 (RLIN) 6263
710 ## - ADDED ENTRY--CORPORATE NAME
Corporate name or jurisdiction name as entry element Quantity Surveying Division
9 (RLIN) 854
942 ## - ADDED ENTRY ELEMENTS (KOHA)
Suppress in OPAC 0
948 ## - LOCAL PROCESSING INFORMATION (OCLC); SERIES PART DESIGNATOR (RLIN)
c (OCLC) 04/03/1997
Holdings
Withdrawn status Lost status Source of classification or shelving scheme Damaged status Not for loan Home library Current library Shelving location Date acquired Total Checkouts Full call number Barcode Date last seen Copy number Price effective from Koha item type
    Dewey Decimal Classification     London London RICS Boxes 14/09/1999   RICS 1971/55 30005743 06/08/2019 1 06/08/2019 Reference material
    Dewey Decimal Classification     London London RICS Boxes 16/08/1991   RICS 1971/55 30005777 06/08/2019 2 06/08/2019 Book
    Dewey Decimal Classification     London London RICS Boxes 22/08/1991   RICS 1971/55 30010764 06/08/2019 3 06/08/2019 Reference material